Catálogo público

Las zonas agropecuarias de México / (Record no. 166877)

MARC details
000 -CABECERA
campo de control de longitud fija 00598nam a2200241Ia 4500
001 - NÚMERO DE CONTROL
campo de control Z_3816
003 - IDENTIFICADOR DEL NÚMERO DE CONTROL
campo de control CHAP
008 - DATOS DE LONGITUD FIJA--INFORMACIÓN GENERAL
campo de control de longitud fija 220113s1957 xx 000 0 und d
010 ## - NÚMERO DE CONTROL DE LA BIBLIOTECA DEL CONGRESO
Número de control de LC 166877
040 ## - FUENTE DE LA CATALOGACIÓN
Centro/agencia transcriptor CHAP
090 ## - LOCALMENTE ASIGNADO TIPO-LC NÚMERO DE CLASIFICACIÓN (OCLC); NÚMERO DE CLASIFICACIÓN LOCAL (RLIN)
Número de clasificación (OCLC) (R) ; Numero de clasificación, CALL (RLIN) (NR) R-93
100 ## - ENTRADA PRINCIPAL--NOMBRE DE PERSONA
Nombre de persona Hernández X , Efraím
9 (RLIN) 141021
245 ## - MENCIÓN DE TÍTULO
Título Las zonas agropecuarias de México /
Mención de responsabilidad, etc. por Efraím Hernández X
260 ## - PUBLICACIÓN, DISTRIBUCIÓN, ETC.
Lugar de publicación, distribución, etc. Chapingo, Méx. :
Nombre del editor, distribuidor, etc. La UACH,
Fecha de publicación, distribución, etc. 1957
300 ## - DESCRIPCIÓN FÍSICA
Extensión 7 h.
650 ## - PUNTO DE ACCESO ADICIONAL DE MATERIA--TÉRMINO DE MATERIA
Término de materia o nombre geográfico como elemento de entrada Regiones agropecuarias
Subdivisión general México
9 (RLIN) 141022
901 ## - ELEMENTOS DE DATOS A LOCAL LDA (RLIN)
a R-93
902 ## - ELEMENTOS DE DATOS B LOCAL, LDB (RLIN)
a M
910 ## - DATOS DE OPCIÓN DEL USUARIO (OCLC)
Datos de opción del usuario 1957
942 ## - ELEMENTOS DE PUNTO DE ACCESO ADICIONAL (KOHA)
Tipo de ítem Koha
942 ## - ELEMENTOS DE PUNTO DE ACCESO ADICIONAL (KOHA)
Tipo de ítem Koha
Holdings
Estado de retiro Estado de pérdida Fuente del sistema de clasificación o colocación Estado dañado Restricciones de uso No para préstamo Código de colección Localización permanente Ubicación/localización actual Fecha de adquisición Total de préstamos Signatura topográfica completa Código de barras Fecha visto por última vez Número de copia Precio válido a partir de Tipo de ítem Koha
    Clasificación Universidad Autónoma de Chapingo   Préstamo interno   Reimpresos Zootecnia Zootecnia 09/11/2005   R-93 z_A1399 18/01/2022 1 18/01/2022 Reimpreso
    Clasificación Universidad Autónoma de Chapingo   Préstamo 5 días   Reimpresos Zootecnia Zootecnia 09/11/2005   R-93 z_A1400 18/01/2022 2 18/01/2022 Reimpreso
    Clasificación Universidad Autónoma de Chapingo   Préstamo 5 días   Reimpresos Zootecnia Zootecnia 09/11/2005   R-93 z_A1401 18/01/2022 3 18/01/2022 Reimpreso
    Clasificación Universidad Autónoma de Chapingo   Préstamo 5 días   Reimpresos Zootecnia Zootecnia 09/11/2005   R-93 z_A1402 18/01/2022 4 18/01/2022 Reimpreso